Statistics for Napoleon Bonaparte or Napoleon Dynamite?

Click here to take the quiz!

General Stats

  • This quiz has been taken 295 times
  • The average score is 9 of 15

Answer Stats

QuestionAnswer% Correct
Was portrayed by Joaquin Phoenix.Napoleon Bonaparte
89%
Received a military education.Napoleon Bonaparte
85%
Favorite animal was the liger.Napoleon Dynamite
82%
Lived on an island as a child.Napoleon Bonaparte
80%
Owned a llama as a pet.Napoleon Dynamite
72%
Once spent a summer in Alaska hunting wolverines.Napoleon Dynamite
70%
Was raised by his grandmother.Napoleon Dynamite
67%
Had a mustache.Neither
62%
Was bullied in school.Both
53%
Was born in Paris.Neither
52%
Successfully orchestrated the election of a Mexican politician.Napoleon Dynamite
46%
Had an older brother.Both
45%
Wrote a romance novel.Napoleon Bonaparte
45%
Drew a masterpiece picture of the woman he loved.Napoleon Dynamite
36%
Once tamed a wild honeymoon stallion.Napoleon Dynamite
30%

Score Distribution

Percentile by Number Answered

Percent of People with Each Score

Your Score History

You have not taken this quiz